Normal view
MARC view
Entry Personal Name
001 - CONTROL NUMBER
- control field: 8748
003 - CONTROL NUMBER IDENTIFIER
- control field: OSt
005 - DATE AND TIME OF LATEST TRANSACTION
- control field: 20211028145721.0
008 - FIXED-LENGTH DATA ELEMENTS
- fixed length control field: 211028|| aca||aabn | a|a d
040 ## - CATALOGING SOURCE
- Original cataloging agency: OSt
- Transcribing agency: OSt
100 ## - HEADING--PERSONAL NAME
- Personal name: Rasheeque, K A Abdul; Mohammed, Riyaz.
- Miscellaneous information: 161901
670 ## - SOURCE DATA FOUND
- Source citation: Work cat.: (OSt): Rasheeque, K A Abdul; Mohammed, Riyaz. 161901, Self-healing of servoces., 2018